000 00463nam a2200181Ia 4500
001 22558
005 20260414150839.0
008 260414t2011||||xx |||||||||||||| ||spa||
041 _aESP
082 _a621.382
_bM61
100 _aMinei, Ina
_eAUT
245 0 _aMpls - enabled applications :
_bemerging developments and new technologies
260 _c2011
300 _a593 páginas :
_c24 cm.
650 _aTCA
654 _aCET
942 _cLIB
_dJUS
_fJUS
_2ddc
_n
999 _c22558
_d22558